000 00325nam a22001337a 4500
008 180205b xxu||||| |||| 00| 0 eng d
020 _a9780070049239
041 _aeng
080 _a94
100 _a16
101 _aHIS
245 _aTraditions& encounters a global perspective on the past
_cBentley,J.H
942 _2udc
_cBK
999 _c41833
_d41833